000
00315nam a2200133Ia 4500
008
191201s2011 xx 000 0 und d
082
_a
658.5
_b
KAO
100
_a
KAILA, H.L
245
0
_a
Organizational Behavior and HRM
260
_a
N. Delhi
_b
AITBS Pub.
_c
2011
300
_a
450
650
_a
BBA
942
_2
ddc
_c
BK
999
_c
4894
_d
4894